000 01458nam a2200469 i 4500
001 16796
003 KOSZ 005
005 20191026113534.0
008 050905s1973 pl a f |000 0 pol
015 _aPB 1974/2208
035 _a991028048199705066
035 _a(PL-WaBN)b17597596-48omnis_nlop
035 _ab17597596
035 _a(OCoLC)838745391
035 _a(PL)b0000001759759
035 _a(EXLNZ-48OMNIS_NETWORK)9910338644905606
040 _aWA N
_cWA N
_dKOSZ 005/EG
041 0 _apol
046 _k1973
080 _a664
080 _a641
080 _a006.83
100 1 _aKrata, Kazimierz
_eAutor
245 1 0 _aNormalizacja i jakość wyrobów garmażeryjnych /
_cKazimierz Krata.
260 _aWarszawa :
_bWydaw. Normalizacyjne,
_c1973.
300 _a287, [1] s., 8 s. tabl. :
_bil. ;
_c24 cm.
336 _2rdacontent
_aTekst
_btxt
337 _2rdamedia
_aBez urządzenia pośredniczącego
_bn
338 _2rdacarrier
_aWolumin
_bnc
380 _aKsiążki
380 _aPublikacje fachowe
388 _a1901-2000
388 _a1945-1989
504 _aBibliogr.
650 7 _aPrzemysł rolno-spożywczy
_2DBN
650 7 _aNormalizacja
658 _aRolnictwo i leśnictwo
710 2 _aWydawnictwa Normalizacyjne
856 _uhttp://koha.tu.koszalin.pl/cgi-bin/koha/opac-detail.pl?biblionumber=16796
_yKatalog online BPK
942 _2UKD
_cKS
999 _c16796
_d16796